Bases fisiológicas de la práctica médica (Registro nro. 13251)
[ vista simple ]
| 000 -CABECERA | |
|---|---|
| Longitud fija campo de control | 00759nam a2200229 4500 |
| 003 - IDENTIFICADOR DELl NÚMERO DE CONTROL | |
| Identificador del número de control | OSt |
| 005 - FECHA Y HORA DE LA ÚLTIMA TRANSACCIÓN | |
| Fecha y hora de la última transacción | 20170418151932.0 |
| 008 - CÓDIGOS DE INFORMACIÓN DE LONGITUD FIJA | |
| Códigos de información de longitud fija | 031104s2003 ag | ||| ||spa |
| 020 ## - NÚMERO INTERNACIONAL NORMALIZADO PARA LIBROS | |
| Número Internacional Normalizado para Libros (ISBN) | 950-06-0243-1 |
| 040 ## - FUENTE DE LA CATALOGACIÓN | |
| Centro transcriptor | BMC |
| 082 ## - NÚMERO DE LA CLASIFICACIÓN DECIMAL DEWEY | |
| Númeroo de clasificación | 612 |
| 100 1# - PUNTO DE ACCESO PRINCIPAL-NOMBRE DE PERSONA | |
| 9 (RLIN) | 24418 |
| Nombre de persona | Best, Charles Herbert |
| Fechas asociadas al nombre | 1899-1978 |
| 245 10 - MENCIÓN DE TÍTULO | |
| Título | Bases fisiológicas de la práctica médica |
| Mención de responsabilidad, etc. | Best & Taylor ; directores, Mario A. Dvorkin, Daniel P. Cardinali |
| 250 ## - MENCIÓN DE EDICIÓN | |
| Mención de edición | 13ª ed |
| 260 ## - PUBLICACIÓN, DISTRIBUCIÓN, ETC. (PIE DE IMPRENTA) | |
| Lugar de publicación, distribución, etc. | Buenos Aires [etc.] |
| Nombre del editor, distribuidor, etc. | Editorial Médica Panamericana |
| Fecha de publicación, distribución, etc. | 2003 |
| 300 ## - DESCRIPCIÓN FÍSICA | |
| Extensión | XIX, 1132 p. |
| Otras características físicas | il. col. |
| Dimensiones | 28 cm |
| Material anejo | + 1 disco compacto |
| 650 24 - PUNTO DE ACCESO ADICIONAL DE MATERIA - TÉRMINO DE MATERIA | |
| Término de materia o nombre geográfico como elemento inicial | Fisiología humana |
| 9 (RLIN) | 580 |
| 700 1# - PUNTO DE ACCESO ADICIONAL - NOMBRE DE PERSONA | |
| Nombre de persona | Taylor, Nesbitt |
| 9 (RLIN) | 24419 |
| 700 1# - PUNTO DE ACCESO ADICIONAL - NOMBRE DE PERSONA | |
| Nombre de persona | Dvorkin, Mario A. |
| 9 (RLIN) | 24420 |
| 700 1# - PUNTO DE ACCESO ADICIONAL - NOMBRE DE PERSONA | |
| Nombre de persona | Cardinali, Daniel P. |
| 9 (RLIN) | 24421 |
| 942 ## - ENTRADA DE ELEMENTOS AGREGADOS (KOHA) | |
| Fuente de clasificaión o esquema | Dewey Decimal Classification |
| Koha [por defecto] tipo de item | 1- Monografias |
| Suprimido | Perdido | Fuente de clasificación o esquema | Estropeado | Restricciones de uso | No para préstamo | Código de colección | Localización permanente | Localización actual | Localización en estanter&íacute;as | Fecha adquisición | Fuente de adquisición | Número de inventario | Préstamos totales | Signatura completa | Código de barras | Fecha última consulta | Coste, precio reemplazado | Fecha del precio de reemplazo | Tipo de item de Koha | Fecha último préstamo | Renovaciones totales |
|---|---|---|---|---|---|---|---|---|---|---|---|---|---|---|---|---|---|---|---|---|---|
| NULL | NULL | Dewey Decimal Classification | NULL | Prestable | NULL | NULL | Biblioteca Miguel de Cervantes - UNICAES | Biblioteca Miguel de Cervantes - UNICAES | Sala Principal | 26/08/2014 | Donación - Facultad de Ciencias y Humanidades | 021016 | 612 BES bas | 1021373 | 26/08/2014 | 39.00 | 26/08/2014 | 1- Monografias | |||
| NULL | NULL | Dewey Decimal Classification | NULL | Prestable | NULL | NULL | Biblioteca Miguel de Cervantes - UNICAES | Biblioteca Miguel de Cervantes - UNICAES | Sala Principal | 26/08/2014 | Donación - Facultad de Ciencias y Humanidades | 021017 | 1 | 612 BES bas | 1021374 | 03/10/2016 | 39.00 | 26/08/2014 | 1- Monografias | 03/10/2016 | |
| NULL | NULL | Dewey Decimal Classification | NULL | Prestable | NULL | NULL | Biblioteca Miguel de Cervantes - UNICAES | Biblioteca Miguel de Cervantes - UNICAES | Sala Principal | 26/08/2014 | Donación - Facultad de Ciencias y Humanidades | 021018 | 1 | 612 BES bas | 1021375 | 16/11/2018 | 39.00 | 26/08/2014 | 1- Monografias | 29/10/2018 | 1 |